|
|
|
|
| LEADER |
00000cam a2200000 a 4500 |
| 001 |
vtls011535225 |
| 003 |
SK-MaSNL |
| 005 |
20260331211023.0 |
| 008 |
160316s2016 xo a j f000 0 slo |
| 013 |
|
|
|a 288340
|b xo
|c patent
|d 2060219
|e dátum sprístupnenia patentu
|
| 013 |
|
|
|a 158-2010
|e číslo prihlášky
|d 20101206
|e dátum podania prihlášky
|d 20120703
|e dátum zverejnenia prihlášky (Vestník ÚPV SR č.: 7/2012)
|
| 015 |
|
|
|a SNBN2016
|
| 040 |
|
|
|a SNK
|b slo
|c SNK
|e AACR2
|
| 041 |
0 |
|
|a slo
|
| 044 |
|
|
|a xo
|c SK
|
| 072 |
|
7 |
|a 621
|x Strojárstvo
|2 konspekt
|
| 080 |
|
|
|a 621
|2 2011
|
| 080 |
|
|
|a 621.825
|2 2011
|
| 084 |
|
|
|a F16D 3/00
|2 IPC
|
| 100 |
1 |
|
|a Homišin, Jaroslav,
|d 1953-
|4 org
|4 pth
|9 207262
|
| 245 |
1 |
0 |
|a Pružná pneumatická axiálna hriadeľová spojka
|c Jaroslav Homišin
|
| 260 |
|
|
|a [Banská Bystrica]
|b Úrad priemyselného vlastníctva SR
|c [2016]
|
| 300 |
|
|
|a 4 s.
|b obr.
|c 30 cm
|
| 650 |
0 |
7 |
|a strojárstvo
|2 SNKPH
|9 674
|
| 650 |
0 |
7 |
|a Engeneering industry
|2 SNKPHeng
|9 267385
|
| 650 |
0 |
7 |
|a Clutches (Machinery)
|2 SNKPHeng
|9 162279
|
| 650 |
0 |
7 |
|a spojky (strojárstvo)
|2 SNKPH
|9 162278
|
| 655 |
|
7 |
|a patenty
|2 SNKPH
|9 177343
|
| 655 |
|
7 |
|a patent licenses
|2 SNKPHeng
|9 303430
|
| 710 |
2 |
|
|a Technická univerzita v Košiciach
|4 pth
|9 172333
|
| 852 |
|
|
|a Štátna vedecká knižnica v Banskej Bystrici
|
| 999 |
|
|
|c 1102021
|d 1103951
|
| 952 |
|
|
|a SNK
|b SNK
|y PREZ
|7 0
|p 17A1183395
|o snkSK 288340
|i snk2016/7665
|8 0
|z ;
|0 0
|1 0
|4 0
|d 2016-03-18
|l 0
|r 2026-02-24 17:34:09
|w 2026-02-24
|